000
00263nam a2200109Ia 4500
008
231107s1990 xx 000 0 und d
041
_a
eng
082
_a
720.284
100
_a
Walker,Theodore
245
_a
Plan Graphics
260
_a
Canada
_b
Delmar Publisher
_c
1990
999
_c
920798
_d
920798